Legislació : eficiència energètica i serveis municipals : jornada 9 eficiència energètica i serveis municipals :
Descripción Física:
29 cm
Materias:
Enllumenat públic -- Congressos
MARC
| LEADER | 00000nam a2200000Ia 4500 | ||
|---|---|---|---|
| 001 | 23565 | ||
| 008 | 160829s1995 xx 000 0 cat d | ||
| 080 | |a C-3-404 | ||
| 245 | |a Legislació : |b eficiència energètica i serveis municipals : |b jornada 9 | ||
| 260 | |a Barcelona : |b Diputació de Barcelona. Àrea de Medi Ambient. Servei de Medi Ambient, |c 1995 | ||
| 300 | |a 29 cm | ||
| 590 | |a Jornada celebrada el dia 26 d'octubre de 1995. | ||
| 650 | |a Enllumenat públic |x Congressos |9 48971 | ||
| 710 | 1 | |a Barcelona (Catalunya : Província). |b Servei de Medi Ambient |9 53475 | |
| 901 | |a Arxiu | ||
| 942 | |n 1 | ||
| 952 | |0 0 |1 0 |4 0 |6 C3404 |7 1 |9 55012 |a Arxiu |b Arxiu |d 2012-08-08 |l 0 |o C-3-404 |p 23565 |r 2016-12-01 00:00:00 |w 2016-12-01 |y ARXIU | ||
| 999 | |c 58882 |d 58882 | ||